Declaración final de los participantes de la mesa redonda internacional sobre "La educación agrícola superior y las necesidades de desarrollo rural en los países de América Latina"

Gespeichert in:
Bibliographische Detailangaben
Format: Text
Veröffentlicht: s.n.t :
Tags: Tag hinzufügen
Keine Tags, Fügen Sie den ersten Tag hinzu!

MARC

LEADER 00000 a a2200000 04500
001 14752
003
040
090 |a 027900  
245 |a Declaración final de los participantes de la mesa redonda internacional sobre "La educación agrícola superior y las necesidades de desarrollo rural en los países de América Latina"  
260 |a s.n.t :  
300 |a 6 p.  
999 |c 11387  |d 11387